00516nam a2200193 a 4500001001300000003000900013005001700022008004100039020001000080082001300090100002000103245001900123260003500142300000900177500003500186505005900221650002200280700002000302nice12345678IN_TiNIC20260116011753.0050524s1924 hyda grp 000 0 urd  ac10000a320bLEC aLecock, Stephen aIlmus Siyasat. aHyderabadbJamia Osmaniac1924 a453p aincludes index and biblioraphy2 aEssays, Life of Muhammad, Complete Summary of Contents aPolitical Science1 aLecock, Stephen